Szczegóły MARC21

Ekostrategie w zarządzaniu firmą : [IV Zachodniopomorska Konferencja Naukowa Turystyka i ekologia w gospodarce wolnorynkowej, 9 grudnia 2004 Szczecin] /

005 -DATA I CZAS OSTATNIEJ MODYFIKACJI [,]
    • @
    • pole kontrolne
    • 20071217085746.0
020 -Międzynarod. znormalizowany nr książki - ISBN [ , ]
    • a
    • Numer ISBN
    • 8389393603 Find
040 -Instytucja sporządzająca opis [ , ]
    • a
    • Instytucja, która sporządziła opis (NP)
    • SZCZ U
    • c
    • Instytucja, która sporządziła rekord (NP)
    • SZCZ U
    • d
    • Instytucja, która zmodyfikowała rekord (P)
    • SZCZ U/JŚ
041 -Język dokumentu [0, ]
    • a
    • Język tekstu (P)
    • polski
044 -Kraj miejsca wydania [ , ]
    • a
    • Kraj miejsca wydania
    • Polska
942 -Rodzaj dokumentu [ , ]
    • c
    • Rodzaj dokumentu
    • Książka
245 -Strefa tytułu i oznaczenia odpowiedzialności [0,0]
    • a
    • Tytuł
    • Ekostrategie w zarządzaniu firmą : Find
    • b
    • Ciąg dalszy tytułu (NP)
    • [IV Zachodniopomorska Konferencja Naukowa Turystyka i ekologia w gospodarce wolnorynkowej, 9 grudnia 2004 Szczecin] / Find
    • c
    • Pozostałe elementy strefy tytułu i oznaczenia odpowiedzialności (NP)
    • pod red. nauk. Krzysztofa Wiktorowskiego ; Akademia Rolnicza w Szczecinie, Wydział Ekonomiki i Organizacji Gospodarki Żywnościowej, Koło Naukowe Zarządzania i Turystyki.
260 -Strefa adresu wydawniczego [ , ]
    • a
    • Miejsce wydania (P)
    • Szczecin :
    • b
    • Nazwa wydawcy (P)
    • Glob-All,
    • c
    • Data wydania (P)
    • 2004. -
300 -Strefa opisu fizycznego [ , ]
    • a
    • Określenie formy książki i/lub objętość (NP)
    • 130 s. :
    • b
    • Oznaczenie ilustracji (NP)
    • il. ;
    • c
    • Format (NP)
    • 24 cm.
504 -Uwaga dot. bibliogr. załącznikowej [ , ]
    • a
    • Uwaga dot. bibliografii załącznikowej
    • Bibliogr.
080 -Uniwersalna Klasyfikacja Dziesiętna [ , ]
    • 2
    • Identyfikator wydania tablic
    • UDC-P058
    • a
    • Symbol klasyfikacji
    • 338.48-6:502/504
    • b
    • Dopowiedzenie
    • Ekoturystyka. Turystyka przyrodnicza.
    • x
    • Poddział wspólny
    • (438)
    • b
    • Dopowiedzenie
    • (Polska).
    • x
    • Poddział wspólny
    • (061)
    • b
    • Dopowiedzenie
    • (Wydawnictwa odnoszące się do konferencji, zjazdów itd. Sprawozdania z konferencji)
080 -Uniwersalna Klasyfikacja Dziesiętna [ , ]
    • 2
    • Identyfikator wydania tablic
    • UDC-P058
    • a
    • Symbol klasyfikacji
    • 338.486
    • b
    • Dopowiedzenie
    • Ekonomika turystyki. Zarządzanie turystyką.
    • x
    • Poddział wspólny
    • (438)
    • b
    • Dopowiedzenie
    • (Polska).
    • x
    • Poddział wspólny
    • (061)
    • b
    • Dopowiedzenie
    • (Wydawnictwa odnoszące się do konferencji, zjazdów itd. Sprawozdania z konferencji)
980 -Symbol UKD [ , ]
    • a
    • UKD
    • 338.46-6:502/504:338.486](438)(061)
700 -Hasło dodatkowe - nazwa osobowa [1, ]
    • a
    • Nazwa osobowa (NP)
    • Wiktorowski, Krzysztof Find
    • d
    • Daty biograficzne (NP)
    • (1968-).
    • e
    • Określenie rodzaju współpracy
    • Red.
711 -Hasło dodatkowe - nazwa imprezy [2, ]
    • a
    • Nazwa imprezy (NP)
    • Zachodniopomorska Konferencja Naukowa Turystyka i Ekologia w gospodarce wolnorynkowej
    • c
    • Miejsce imprezy (NP)
    • Szczecin).
    • d
    • Data imprezy (NP)
    • 2004 ;
    • n
    • Numer imprezy (P)
    • (6 ;
920 -ISBN [ , ]
    • a
    • ISBN
    • 83-89393-60-3 Find
Data inwentaryzacji Lokalizacja Numer inwentarzowy Status udost.
2006-03-29BEE.70107-2
2007-12-17BGZ.109886-15
2007-09-05TT.9628-2